000
00198 a2200097 4500
001
4654
100
_a
King g.J
245
_a
Practical Hi-fi handbook
260
_a
_b
Odhams
_c
090
_c
3848
_d
3848
942
_a
NUST-CAE
_c
M
_c
30098
999
_c
239727
_d
239727